书目信息 |
| 题名: |
社会及行为科学研究法
|
|
| 作者: | 杨国枢 主编 | |
| 分册: | 上册 | |
| 出版信息: | 重庆 重庆大学出版社 2006 |
|
| 页数: | 396页 | |
| 开本: | 23cm | |
| 丛书名: | 博雅华人本土心理学丛书 | |
| 单 册: | ||
| 中图分类: | C0 | |
| 科图分类: | ||
| 主题词: | 社会科学--方法论 , 社会科学 , 方法论 | |
| 电子资源: | ||
| ISBN: | 7-5624-3651-7 | |
| 000 | 01016oam2 2200301 450 | |
| 001 | 012007829584 | |
| 005 | 20070607170836.98 | |
| 010 | @a7-5624-3651-7@dCNY38.80 | |
| 100 | @a20070427d2006 km y0chiy0120 ea | |
| 101 | 0 | @achi |
| 102 | @aCN@b510000 | |
| 105 | @aa z 000yy | |
| 106 | @ar | |
| 200 | 1 | @a社会及行为科学研究法@Ashe hui ji xing wei ke xue yan jiu fa@h上册@f杨国枢等主编@Fyang guo shu deng zhu bian |
| 210 | @a重庆@c重庆大学出版社@d2006 | |
| 215 | @a396页@c图@d23cm | |
| 225 | 2 | @a博雅华人本土心理学丛书 |
| 304 | @a主编还有:文崇一,吴聪贤,李亦园。 | |
| 305 | @a据原书第13版译出。 | |
| 330 | @a本书涵盖了从事社会及行为科学研究多需要的主要方法和技术,上册内容包括:科学研究的基本概念、性质与类别、实验设计的基本原则、样本调查研究、文化比较研究等。 | |
| 461 | 0 | @12001 @a博雅华人本土心理学丛书 |
| 606 | 0 | @a社会科学@x方法论 |
| 606 | 0 | @a社会科学 |
| 606 | 0 | @a方法论 |
| 690 | @aC0@v4 | |
| 701 | 0 | @a杨国枢@Ayang guo shu@4主编 |
| 801 | 0 | @aCN@bRULIN@c20070607 |
| 905 | @dC0@e26:1@s5 | |
| 社会及行为科学研究法.上册/杨国枢等主编.-重庆:重庆大学出版社,2006 |
| 396页:图;23cm.-(博雅华人本土心理学丛书) |
| ISBN 7-5624-3651-7:CNY38.80 |
| 本书涵盖了从事社会及行为科学研究多需要的主要方法和技术,上册内容包括:科学研究的基本概念、性质与类别、实验设计的基本原则、样本调查研究、文化比较研究等。 |
| ● |
| 相关链接 |
|
|
|
|
正题名:社会及行为科学研究法
索取号:C0/26:1
 
预约/预借
| 序号 | 登录号 | 条形码 | 馆藏地/架位号 | 状态 | 备注 |
| 1 | 0573535 | 205735356 | 第一样本阅览室/ [索取号:C0/26:1] | 在馆 | |
| 2 | 0573536 | 205735365 | 第一借阅区/ [索取号:C0/26:1] | 在馆 | |
| 3 | 0573537 | 205735374 | 第一借阅区/ [索取号:C0/26:1] | 在馆 | |
| 4 | 0573538 | 205735383 | 第一借阅区/ [索取号:C0/26:1] | 在馆 | |
| 5 | 0573539 | 205735392 | 第一借阅区/ [索取号:C0/26:1] | 在馆 |